Scrabble - 3 Letter Words (H-Q) - Statistics

General Stats
  • This quiz has been taken 7 times
    5 since last reset
  • The average score is 70 of 487
Answer Stats
Answer % Correct
HIT
100%
HUT
100%
HAD
75%
HAM
75%
HAT
75%
HER
75%
HIS
75%
HOT
75%
HUB
75%
HAE
50%
HAG
50%
HAJ
50%
HAN
50%
HAO
50%
HAP
50%
HAS
50%
HAW
50%
HAY
50%
HEH
50%
HEM
50%
HEN
50%
HES
50%
HET
50%
HEW
50%
HEX
50%
HEY
50%
HID
50%
HIM
50%
HOE
50%
HOI
50%
HOM
50%
HON
50%
HOP
50%
HOW
50%
HUN
50%
ILL
50%
JAM
50%
KIT
50%
LAS
50%
MAM
50%
MAN
50%
MAT
50%
MUM
50%
NIT
50%
HEP
25%
HIC
25%
HIE
25%
HIN
25%
HIP
25%
HOA
25%
HOB
25%
HOC
25%
HOD
25%
HOG
25%
HOH
25%
HOS
25%
HOX
25%
HOY
25%
HUE
25%
HUG
25%
HUH
25%
HUM
25%
HUP
25%
HYE
25%
ICE
25%
ICK
25%
IDS
25%
IFS
25%
ILK
25%
IMP
25%
INN
25%
INS
25%
IRE
25%
ISM
25%
ITS
25%
JAB
25%
JAG
25%
JAI
25%
JAK
25%
JAP
25%
JAR
25%
JAW
25%
JAY
25%
JET
25%
JEU
25%
JIG
25%
JOB
25%
JOE
25%
JOG
25%
JOL
25%
JOR
25%
JOT
25%
JOW
25%
JOY
25%
JUG
25%
JUT
25%
KIN
25%
KIP
25%
LAB
25%
LAC
25%
LAD
25%
LAG
25%
LAH
25%
LAM
25%
LAP
25%
LAR
25%
LAT
25%
LAV
25%
LAW
25%
LAX
25%
LAY
25%
LEA
25%
LED
25%
LEE
25%
LEG
25%
LEI
25%
LEK
25%
LEP
25%
LET
25%
LEU
25%
LEV
25%
LEW
25%
LEX
25%
LEY
25%
LIS
25%
LIT
25%
LOB
25%
LOC
25%
LOD
25%
LOG
25%
LOO
25%
LOP
25%
LOR
25%
LOS
25%
LOT
25%
LOU
25%
LOW
25%
LOX
25%
LOY
25%
LUD
25%
LUG
25%
LUM
25%
LUN
25%
LUR
25%
LUV
25%
LUX
25%
LUZ
25%
LYE
25%
MAC
25%
MAD
25%
MAE
25%
MAG
25%
MAK
25%
MAL
25%
MAP
25%
MAR
25%
MAS
25%
MAX
25%
MAY
25%
MED
25%
MEE
25%
MEG
25%
MEH
25%
MEL
25%
MEM
25%
MEN
25%
MES
25%
MET
25%
MEU
25%
MEW
25%
MIB
25%
MIC
25%
MID
25%
MIG
25%
MIL
25%
MIM
25%
MIR
25%
MIS
25%
MOA
25%
MOB
25%
MOC
25%
MOD
25%
MOE
25%
MOG
25%
MOI
25%
MOL
25%
MOM
25%
MON
25%
MOO
25%
MOP
25%
MOR
25%
MOS
25%
MOT
25%
MOU
25%
MOW
25%
MOY
25%
MOZ
25%
MUD
25%
MUG
25%
MUN
25%
MUS
25%
MUT
25%
NAB
25%
NAG
25%
NAH
25%
NAM
25%
NAN
25%
NAP
25%
NAS
25%
NAT
25%
NAW
25%
NAY
25%
NED
25%
NEE
25%
NEG
25%
NEK
25%
NET
25%
NEW
25%
ODD
25%
OFF
25%
ONE
25%
ORE
25%
PIT
25%
HAH
0%
HMM
0%
HOO
0%
HUI
0%
HYP
0%
ICH
0%
ICY
0%
IDE
0%
IFF
0%
IGG
0%
ING
0%
INK
0%
INT
0%
ION
0%
IOS
0%
IRK
0%
ISH
0%
ISO
0%
ITA
0%
IVY
0%
IWI
0%
JEE
0%
JIB
0%
JIN
0%
JIZ
0%
JUD
0%
JUN
0%
JUS
0%
KAB
0%
KAE
0%
KAF
0%
KAI
0%
KAK
0%
KAM
0%
KAS
0%
KAT
0%
KAW
0%
KAY
0%
KEA
0%
KEB
0%
KED
0%
KEF
0%
KEG
0%
KEN
0%
KEP
0%
KET
0%
KEX
0%
KEY
0%
KHI
0%
KID
0%
KIF
0%
KIR
0%
KIS
0%
KOA
0%
KOB
0%
KOI
0%
KON
0%
KOP
0%
KOR
0%
KOS
0%
KOW
0%
KUE
0%
KYE
0%
KYU
0%
LIB
0%
LID
0%
LIE
0%
LIG
0%
LIN
0%
LIP
0%
LYM
0%
MAA
0%
MAW
0%
MHO
0%
MIX
0%
MIZ
0%
MMM
0%
MUX
0%
MYC
0%
NAE
0%
NAV
0%
NEB
0%
NEF
0%
NEP
0%
NIB
0%
NID
0%
NIE
0%
NIL
0%
NIM
0%
NIP
0%
NIS
0%
NIX
0%
NOB
0%
NOD
0%
NOG
0%
NOH
0%
NOM
0%
NON
0%
NOO
0%
NOR
0%
NOS
0%
NOT
0%
NOW
0%
NOX
0%
NOY
0%
NTH
0%
NUB
0%
NUG
0%
NUN
0%
NUR
0%
NUS
0%
NUT
0%
NYE
0%
NYM
0%
NYS
0%
OAF
0%
OAK
0%
OAR
0%
OAT
0%
OBA
0%
OBE
0%
OBI
0%
OBO
0%
OBS
0%
OCA
0%
OCH
0%
ODA
0%
ODE
0%
ODS
0%
OES
0%
OFT
0%
OHM
0%
OHO
0%
OHS
0%
OIK
0%
OIL
0%
OIS
0%
OKA
0%
OKE
0%
OLD
0%
OLE
0%
OLM
0%
OMA
0%
OMS
0%
ONO
0%
ONS
0%
ONY
0%
OOF
0%
OOH
0%
OOM
0%
OON
0%
OOP
0%
OOR
0%
OOS
0%
OOT
0%
OPA
0%
OPE
0%
OPS
0%
OPT
0%
ORA
0%
ORB
0%
ORC
0%
ORD
0%
ORF
0%
ORG
0%
ORS
0%
ORT
0%
OSE
0%
OUD
0%
OUK
0%
OUP
0%
OUR
0%
OUS
0%
OUT
0%
OVA
0%
OWE
0%
OWL
0%
OWN
0%
OWO
0%
OWT
0%
OXO
0%
OXY
0%
OYE
0%
OYS
0%
PAC
0%
PAD
0%
PAH
0%
PAK
0%
PAL
0%
PAM
0%
PAN
0%
PAP
0%
PAR
0%
PAS
0%
PAT
0%
PAV
0%
PAW
0%
PAX
0%
PAY
0%
PEA
0%
PEC
0%
PED
0%
PEE
0%
PEG
0%
PEH
0%
PEL
0%
PEN
0%
PEP
0%
PER
0%
PES
0%
PET
0%
PEW
0%
PHI
0%
PHO
0%
PHT
0%
PIA
0%
PIC
0%
PIE
0%
PIG
0%
PIN
0%
PIP
0%
PIR
0%
PIS
0%
PIU
0%
PIX
0%
PLU
0%
PLY
0%
POA
0%
POD
0%
POH
0%
POI
0%
POL
0%
POM
0%
POO
0%
POP
0%
POS
0%
POT
0%
POW
0%
POX
0%
POZ
0%
PRE
0%
PRO
0%
PRY
0%
PSI
0%
PST
0%
PUB
0%
PUD
0%
PUG
0%
PUH
0%
PUL
0%
PUN
0%
PUP
0%
PUR
0%
PUS
0%
PUT
0%
PUY
0%
PWN
0%
PYA
0%
PYE
0%
PYX
0%
QAT
0%
QIN
0%
QIS
0%
QUA
0%
No matching quizzes found
Score Distribution
Percent of People with Each Score
Percentile by Number Answered
Your Score History
You have not taken this quiz since the last reset